|
|
|
|
| LEADER |
00000naa2a2200000 4500 |
| 001 |
151877 |
| 005 |
20231031150842.0 |
| 035 |
|
|
|a (RuTPU)RU\TPU\book\164670
|
| 035 |
|
|
|a RU\TPU\tpu\13789
|
| 090 |
|
|
|a 151877
|
| 100 |
|
|
|a 20090128d1977 k y0rusy50 ca
|
| 101 |
0 |
|
|a rus
|
| 102 |
|
|
|a RU
|
| 200 |
1 |
|
|a Измерение расхода промывочной жидкости при бурении скважин
|f В. Г. Храменков [и др.]
|
| 463 |
|
0 |
|0 (RuTPU)RU\TPU\book\135291
|t Методы и средства разведки месторождений полезных ископаемых
|o межвузовский научно-технический сборник
|f Томский политехнический институт; под ред. С. С. Сулакшина
|v С. 56-61
|d 1977
|p 108 с.
|
| 610 |
1 |
|
|a труды учёных ТПУ
|
| 701 |
|
1 |
|a Храменков
|b В. Г.
|
| 701 |
|
1 |
|a Сулакшин
|b С. С.
|
| 701 |
|
1 |
|a Козмин
|b В. Н.
|
| 701 |
|
1 |
|a Митяев
|b П. А.
|
| 801 |
|
1 |
|a RU
|b 63413507
|c 20080115
|g PSBO
|
| 801 |
|
2 |
|a RU
|b 63413507
|c 20090128
|g PSBO
|
| 942 |
|
|
|c BK
|